Synergy of new geomatics technologies for coastal zone studies (Record no. 68922)
[ view plain ]
| 000 -LEADER | |
|---|---|
| fixed length control field | 01025cam a2200241 4500 |
| 001 - CONTROL NUMBER | |
| control field | ABS64796 |
| 008 - FIXED-LENGTH DATA ELEMENTS--GENERAL INFORMATION | |
| fixed length control field | 011123n2001 000 0 eng u |
| 035 ## - SYSTEM CONTROL NUMBER | |
| System control number | (Sirsi) u115711 |
| 100 ## - MAIN ENTRY--PERSONAL NAME | |
| Personal name | Buckley, S. |
| 245 ## - TITLE STATEMENT | |
| Title | Synergy of new geomatics technologies for coastal zone studies |
| 260 ## - PUBLICATION, DISTRIBUTION, ETC. | |
| Date of publication, distribution, etc. | 2001 |
| 490 ## - SERIES STATEMENT | |
| Series statement | Engineering Surveying Showcase |
| Volume/sequential designation | (2) 29-31(3) |
| 520 ## - SUMMARY, ETC. | |
| Summary, etc. | Paper discusses research aiming to develop a survey technique for efficiently monitoring coastal erosion over wide areas, by accessing synergy from three integrated measurement technologies: GPS, automated digital photogrammetry and synthetic aperture radar interferometry (InSAR). These techniques have been developed for a few years but it is only recently they have been explored. |
| 590 ## - LOCAL NOTE (RLIN) | |
| Local note | ABS |
| 650 ## - SUBJECT ADDED ENTRY--TOPICAL TERM | |
| Topical term or geographic name entry element | COASTAL EROSION |
| 650 ## - SUBJECT ADDED ENTRY--TOPICAL TERM | |
| Topical term or geographic name entry element | GPS |
| 650 ## - SUBJECT ADDED ENTRY--TOPICAL TERM | |
| Topical term or geographic name entry element | SYNTHETIC APERTURE RADAR INTERFEROMETRY |
| 650 ## - SUBJECT ADDED ENTRY--TOPICAL TERM | |
| Topical term or geographic name entry element | PHOTOGRAMMETRY |
| 650 ## - SUBJECT ADDED ENTRY--TOPICAL TERM | |
| Topical term or geographic name entry element | COASTAL ZONE MANAGEMENT |
| 690 ## - LOCAL SUBJECT ADDED ENTRY--TOPICAL TERM (OCLC, RLIN) | |
| Topical term or geographic name as entry element | Geomatics |
| 9 (RLIN) | 6242 |
| 700 ## - ADDED ENTRY--PERSONAL NAME | |
| Personal name | Mills, J. |
| 942 ## - ADDED ENTRY ELEMENTS (KOHA) | |
| Suppress in OPAC | 0 |
| Withdrawn status | Lost status | Source of classification or shelving scheme | Damaged status | Not for loan | Home library | Current library | Shelving location | Date acquired | Total Checkouts | Full call number | Barcode | Date last seen | Copy number | Price effective from | Koha item type |
|---|---|---|---|---|---|---|---|---|---|---|---|---|---|---|---|
| Dewey Decimal Classification | London | London | Journal article | 23/11/2001 | ABS64796 | 115711-1001 | 06/08/2019 | 1 | 06/08/2019 | Journal article |